[Event "Saint Affrique op 22nd"]
[Site "Saint Affrique"]
[Date "2014.07.26"]
[Round "9"]
[White "Bois D`Enghien, Noumea"]
[Black "Barascud, Rebecca"]
[Result "1-0"]
[WhiteElo "1240"]
[BlackElo "1020"]
[PlyCount "95"]
[EventDate "2014.07.19"]
[EventType "swiss"]
[EventRounds "9"]
[EventCountry "FRA"]
[SourceTitle "CBM 161 Extra"]
[Source "ChessBase"]
[SourceDate "2014.08.29"]
[SourceVersion "1"]
[SourceVersionDate "2014.08.29"]
[SourceQuality "1"]

1. e4 e5 2. d4 Nc6 3. d5 Nce7 4. Nc3 d6 5. f3 Nf6 6. Bc4 Ng6 7. Nge2 Be7 8. Be3 0-0 9. Qd2 c6 10. 0-0-0 cxd5 11. Nxd5 Bd7 12. Nxe7+ Qxe7 13. Qxd6 Qd8 14. Qd3 Ba4 15. Qxd8 Raxd8 16. Bxa7 Rc8 17. b3 Bc6 18. Bb6 Nd7 19. Be3 Nh4 20. Rhg1 Nb8 21. Bd5 Bxd5 22. Rxd5 Rcd8 23. Rxe5 Ng6 24. Rh5 Rc8 25. g4 Nc6 26. Bc5 Rfd8 27. Rd1 Nce5 28. Rxd8+ Rxd8 29. f4 Nxg4 30. f5 Nf8 31. Rg5 Nxh2 32. Bd4 Nf3 33. Rxg7+ Kh8 34. Rg3+ Nxd4 35. Nxd4 Rxd4 36. Rg4 Nd7 37. Rf4 Nc5 38. Kb2 Na6 39. f6 Nb4 40. Kc3 Rd1 41. Kxb4 Rh1 42. e5 h5 43. e6 Kg8 44. e7 h4 45. e8Q+ Kh7 46. Qxf7+ Kh6 47. Qg7+ Kh5 48. Rf5# 1-0